[Event "It"]
[Site "Biel SUI"]
[Date "2003.07.25"]
[Round "5"]
[White "Smirin,I"]
[Black "Pelletier,Y"]
[Result "1-0"]
[WhiteElo "2656"]
[BlackElo "2602"]
[EventDate "2003.07.21"]

1. e4 e6 2. d4 d5 3. Nd2 Be7 4. Ngf3 Nf6 5. e5 Nfd7 6. c3 c5 7. Bd3 b6 8.
O-O Ba6 9. Bxa6 Nxa6 10. Re1 b5 11. a3 Qb6 12. Nf1 c4 13. Ng3 h6 14. h4 Qc6
15. h5 O-O-O 16. Nh2 Nc7 17. Ng4 Rdg8 18. Bd2 Nb6 19. Rf1 Qe8 20. Qe2 Bh4
21. Bf4 a5 22. Ne3 a4 23. Ng4 Nd7 24. Rae1 Qd8 25. Qf3 Bg5 26. Ne2 g6 27.
Bh2 gxh5 28. Ne3 Qe8 29. Qh3 Bd8 30. f4 h4 31. f5 Bg5 32. Ng4 h5 33. Nf6
Bxf6 34. exf6 Rg4 35. Bxc7 Kxc7 36. Nf4 Nxf6 37. fxe6 Qe7 38. Nxd5+ Nxd5
39. Rxf7 Rh7 40. Rxe7+ Rxe7 41. Qf3 Nf4 42. Re4
1-0

[Event "It"]
[Site "Biel SUI"]
[Date "2003.07.30"]
[Round "9"]
[White "Morozevich,A"]
[Black "Korchnoi,V"]
[Result "1-0"]
[WhiteElo "2679"]
[BlackElo "2628"]
[EventDate "2003.07.21"]

1. e4 e6 2. d4 d5 3. Nc3 Nf6 4. Bg5 Be7 5. e5 Nfd7 6. h4 c5 7. Bxe7 Kxe7 8.
dxc5 Qc7 9. f4 Qxc5 10. Qd2 Nc6 11. Nf3 Nb6 12. a3 a5 13. h5 h6 14. O-O-O
Bd7 15. Kb1 a4 16. Rh3 Rac8 17. Nb5 Rhd8 18. Nd6 Rb8 19. Rg3 Kf8 20. Qd3
1-0

[Event "It"]
[Site "Biel SUI"]
[Date "2003.07.31"]
[Round "10"]
[White "Lutz,C"]
[Black "Morozevich,A"]
[Result "0-1"]
[WhiteElo "2631"]
[BlackElo "2679"]
[EventDate "2003.07.21"]

1. e4 e6 2. d4 d5 3. Nc3 Nf6 4. Bg5 dxe4 5. Nxe4 Be7 6. Bxf6 gxf6 7. Nf3 a6
8. c4 f5 9. Nc3 Bf6 10. Qd2 c5 11. d5 O-O 12. O-O-O Bg7 13. Kb1 exd5 14.
Nxd5 Nc6 15. h4 b5 16. h5 h6 17. Rh3 f4 18. Qxf4 Bxh3 19. gxh3 Kh8 20. Rd2
bxc4 21. Bxc4 Rb8 22. a3 Na5 23. Ba2 Rb7 24. Qa4 Qc8 25. Ne3 Rb5 26. Qe4
Qb8 27. Nd1 Nb3 28. Bxb3 Rxb3 29. Ka2 c4 30. Nd4 Rd8 31. Ka1 Rd3
0-1

[Event "It"]
[Site "Dortmund GER"]
[Date "2003.08.08"]
[Round "8"]
[White "Radjabov,T"]
[Black "Naiditsch,A"]
[Result "1-0"]
[WhiteElo "2648"]
[BlackElo "2574"]
[EventDate "2003.07.31"]

1. d4 Nf6 2. Nf3 e6 3. Bg5 c5 4. e3 Be7 5. Nbd2 d5 6. c3 Nbd7 7. Bd3 b6 8.
Ne5 Nxe5 9. dxe5 Nd7 10. Bxe7 Qxe7 11. f4 O-O 12. Nf3 f5 13. Rg1 Kh8 14. g4
g6 15. h4 Bb7 16. h5 fxg4 17. Rxg4 g5 18. Nxg5 d4 19. exd4 cxd4 20. cxd4 h6
21. Ne4 Rg8 22. Nd6 Nf6 23. Rg6 Rxg6 24. hxg6 Nd5 25. Qh5 Kg7 26. f5
1-0

[Event "Simpsons 175th"]
[Site "London ENG"]
[Date "2003.08.27"]
[Round "3"]
[White "King,D"]
[Black "Howell,D"]
[Result "1-0"]
[WhiteElo "2503"]
[BlackElo "2323"]
[EventDate "2003.08.25"]

1. e4 e5 2. Nf3 Nc6 3. Bb5 a6 4. Ba4 Nf6 5. O-O Be7 6. Re1 b5 7. Bb3 O-O 8.
a4 Bb7 9. d3 d6 10. Nbd2 Re8 11. Nf1 Bf8 12. Bd2 g6 13. c4 b4 14. a5 Rb8
15. Ba4 Nd7 16. Ne3 Bh6 17. Nd5 Bxd2 18. Qxd2 Nc5 19. Qh6 f6 20. Nh4 Nxa4
21. Nf5 gxf5 22. Re3 Nd4 23. Rg3+ Kf7 24. Rg7+ Ke6 25. Qxf6+ 1-0

[Event "56th ch-RUS"]
[Site "Krasnoyarsk RUS"]
[Date "2003.09.03"]
[Round "1"]
[White "Svidler,P"]
[Black "Sherbakov,R"]
[Result "1-0"]
[WhiteElo "2723"]
[BlackElo "2555"]
[EventDate "2003.09.03"]

1. e4 c5 2. Nf3 Nc6 3. d4 cxd4 4. Nxd4 Nf6 5. Nc3 d6 6. Bg5 Bd7 7. Qd2 Rc8
8. f4 Nxd4 9. Qxd4 Qa5 10. e5 dxe5 11. fxe5 e6 12. O-O-O Bc6 13. Nb5 Bxb5
14. exf6 Bc6 15. h4 g6 16. Bc4 Qc5 17. Qd3 Qf5 18. Qb3 Rd8 19. Rdf1 Qg4 20.
Bxe6 fxe6 21. Rf4 Qe2 22. f7+ Kd7 23. Rd4+ Bd6 24. Rhd1 Bd5 25. Rxd5 exd5
26. Qxb7+
1-0

[Event "56th ch-RUS"]
[Site "Krasnoyarsk RUS"]
[Date "2003.09.04"]
[Round "2"]
[White "Rublevsky,S"]
[Black "Tseshkovsky,V"]
[Result "1-0"]
[WhiteElo "2672"]
[BlackElo "2538"]
[EventDate "2003.09.03"]

1. e4 e5 2. Nf3 Nc6 3. d4 exd4 4. Nxd4 Nf6 5. Nxc6 bxc6 6. e5 Qe7 7. Qe2
Nd5 8. c4 Ba6 9. b3 g6 10. f4 f6 11. exf6 Qxe2+ 12. Bxe2 Bb4+ 13. Bd2 Bxd2+
14. Nxd2 Nxf4 15. Rf1 Nxg2+ 16. Kf2 Nf4 17. Bg4 O-O-O 18. Kg3 Nd3 19. Nf3
Rhe8 20. Rad1 Re3 21. Kh4 Rf8 22. Kg5 c5 23. Bxd7+ Kb8 24. Rxd3 Rxd3 25.
Ne5 Rd8 26. f7 1-0

[Event "56th ch-RUS"]
[Site "Krasnoyarsk RUS"]
[Date "2003.09.04"]
[Round "2"]
[White "Morozevich,A"]
[Black "Dvoirys,S"]
[Result "1-0"]
[WhiteElo "2679"]
[BlackElo "2555"]
[EventDate "2003.09.03"]

1. e4 c5 2. Ne2 d6 3. g3 d5 4. Bg2 dxe4 5. Nbc3 Nf6 6. Nxe4 Nxe4 7. Bxe4
Nc6 8. d3 Bd7 9. O-O e6 10. c3 Be7 11. a3 Qc7 12. d4 cxd4 13. cxd4 O-O 14.
Nf4 Rad8 15. d5 Ne5 16. Bd2 Bb5 17. Re1 Bc5 18. Rc1 Nc4 19. Bc3 Qb6 20. Qc2
e5 21. Bxh7+ Kh8 22. Bxe5 Nxe5 23. Rxe5 Rc8 24. Kg2 g6 25. Bxg6 Bd4 26.
Rh5+ Kg8 27. Bxf7+
1-0

[Event "56th ch-RUS"]
[Site "Krasnoyarsk RUS"]
[Date "2003.09.05"]
[Round "3"]
[White "Shipov,S"]
[Black "Grischuk,A"]
[Result "1-0"]
[WhiteElo "2589"]
[BlackElo "2732"]
[EventDate "2003.09.03"]

1. d4 Nf6 2. c4 e6 3. Nc3 Bb4 4. Qc2 O-O 5. a3 Bxc3+ 6. Qxc3 b6 7. Nf3 Bb7
8. e3 d6 9. Be2 Nbd7 10. O-O Ne4 11. Qc2 f5 12. b4 Qe7 13. Nd2 Qg5 14. d5
Rae8 15. f4 Qh4 16. Nxe4 fxe4 17. Bb2 Re7 18. dxe6 Rxe6 19. Qc3 Rg6 20. Kh1
Nf6 21. Qe1 Qh6 22. c5 dxc5 23. bxc5 Nd7 24. cxb6 axb6 25. Bd4 Rd6 26. Rd1
Bd5 27. Qc3 c6 28. a4 Ra8 29. Ra1 c5 30. Be5 Nxe5 31. Qxe5 Qe6 32. Rfd1
Rad8 33. a5 bxa5 34. Rxa5 Bb3 35. Rxd6 Qxd6 36. Qxd6 Rxd6 37. Rxc5 Rd2 38.
Bf1 Bc2 39. Bc4+ Kf8 40. h4 Bd3 41. Rf5+ Ke7 42. Re5+ Kf8 43. Rf5+ Ke7 44.
Bg8 Re2 45. Rf7+ Kd6 46. Rxg7 Rxe3 47. Bxh7 Bc4 48. Bg8 Bd3 49. Rg5 Re1+
50. Kh2 Rf1 51. Kg3 e3 52. Rd5+ Kc7 53. Rxd3 e2 54. Re3 e1=Q+ 55. Rxe1 Rxe1
56. Kg4 Kd6 57. h5 Rg1 58. g3 Ke7 59. Bd5 Kf6 60. Kf3 Kg7 61. Kf2 Rd1 62.
Bf3 Rd2+ 63. Ke3 Ra2 64. g4 Kf6 65. g5+ Kf5 66. Be4+ Ke6 67. h6 Rh2 68. Kd4
Rh5 69. Bf3 Rh2 70. Bg4+ Kf7 71. Ke5 Rg2 72. Be6+ Kf8 73. Kf6 Rh2 74. Kg6
Rf2 75. h7 Rh2 76. Bg4 1-0

[Event "56th ch-RUS"]
[Site "Krasnoyarsk RUS"]
[Date "2003.09.05"]
[Round "3"]
[White "Inarkiev,E"]
[Black "Morozevich,A"]
[Result "0-1"]
[WhiteElo "2582"]
[BlackElo "2679"]
[EventDate "2003.09.03"]

1. e4 e6 2. d4 d5 3. Nc3 Nf6 4. Bg5 Be7 5. e5 Nfd7 6. Bxe7 Qxe7 7. f4 a6 8.
Nf3 Nb6 9. Qd2 Bd7 10. O-O-O Bb5 11. Nxb5 axb5 12. Bxb5+ c6 13. Bd3 Rxa2
14. Kb1 Ra4 15. g4 Nc4 16. Bxc4 dxc4 17. Ng5 b5 18. Qe3 Na6 19. c3 Nc7 20.
Ne4 Nd5 21. Qf3 O-O 22. f5 b4 23. Rhf1 bxc3 24. Nxc3 Nxc3+ 25. Qxc3 Rb8 26.
Rf3 Rb3 27. Qc2 Qa7 28. Qf2 c3 0-1

[Event "56th ch-RUS"]
[Site "Krasnoyarsk RUS"]
[Date "2003.09.05"]
[Round "3"]
[White "Svidler,P"]
[Black "Timofeev,Ar"]
[Result "1-0"]
[WhiteElo "2723"]
[BlackElo "2575"]
[EventDate "2003.09.03"]

1. e4 c5 2. Nf3 d6 3. d4 cxd4 4. Nxd4 Nf6 5. Nc3 e6 6. g4 h6 7. h3 a6 8. f4
Nc6 9. Be3 Bd7 10. Qd2 b5 11. Bd3 Nxd4 12. Bxd4 Bc6 13. O-O-O b4 14. Ne2
Qa5 15. Bxf6 gxf6 16. Nd4 Bd7 17. Bc4 h5 18. Rhf1 hxg4 19. hxg4 Qc5 20. Qe2
a5 21. Kb1 Rc8 22. b3 Ke7 23. e5 fxe5 24. fxe5 Qxe5 25. Qf3 Rh7 26. Qb7 Ke8
27. Bb5 Rd8 28. Nc6 Qc5 29. Nxd8 Qxb5 30. Qa8 Ke7 31. Nb7 Qb6 32. Nxd6 Qc6
33. Qxa5 1-0

[Event "56th ch-RUS"]
[Site "Krasnoyarsk RUS"]
[Date "2003.09.08"]
[Round "5"]
[White "Morozevich,A"]
[Black "Motylev,A"]
[Result "1-0"]
[WhiteElo "2679"]
[BlackElo "2634"]
[EventDate "2003.09.03"]

1. e4 e5 2. Nf3 Nf6 3. Nxe5 d6 4. Nf3 Nxe4 5. Nc3 Nxc3 6. dxc3 Be7 7. Qd4
O-O 8. Be3 Nc6 9. Qf4 Qd7 10. h3 Qf5 11. Qa4 Qa5 12. Qxa5 Nxa5 13. Nd4 a6
14. g4 Re8 15. O-O-O Bd7 16. Bg2 Rab8 17. Rhe1 Bh4 18. Nf3 Be7 19. Ne5 Bb5
20. Nd3 Bc6 21. Bxc6 Nxc6 22. c4 Kf8 23. c3 Rbd8 24. Kc2 b6 25. b4 h6 26.
Bf4 Bg5 27. Bg3 Rxe1 28. Rxe1 Re8 29. c5 Rxe1 30. Nxe1 dxc5 31. bxc5 Bd8
32. Kd3 Ke7 33. Ke4 Ke6 34. f4 b5 35. Nc2 Bf6 36. Be1 g6 37. Ne3 Ne7 38. c4
Bb2 39. f5+ gxf5+ 40. gxf5+ Kd7 41. cxb5 axb5 42. Bh4 Ng8 43. Nc2 Bc3 44.
Kd3 Bb2 45. Bf2 Ne7 46. Ke4 c6 47. Bd4 Bc1 48. Nb4 Bg5 49. Be5 Ng8 50. Nd3
Bd2 51. Bd4 f6 52. Nf2 Ke7 53. Kf3 Kf7 54. Ne4 Bc1 55. Nd6+ Kg7 56. Ke4 Bd2
57. Nc8 Kf7 58. Bf2 Ne7 59. Nd6+ Kf8 60. Bd4 Kg7 61. Ne8+ Kf7 62. Nxf6 Be3
63. Bxe3 Kxf6 64. Bd4+ Kf7 65. Ke5 b4 66. Bb2 Nd5 67. Kd6 Nc3 68. Kxc6 Ke8
69. Kb7
1-0

[Event "56th ch-RUS"]
[Site "Krasnoyarsk RUS"]
[Date "2003.09.09"]
[Round "6"]
[White "Grischuk,A"]
[Black "Inarkiev,E"]
[Result "1-0"]
[WhiteElo "2732"]
[BlackElo "2582"]
[EventDate "2003.09.03"]

1. e4 c5 2. Nf3 d6 3. d4 cxd4 4. Nxd4 Nf6 5. Nc3 a6 6. Be3 e5 7. Nb3 Be6 8.
f3 Nbd7 9. Qd2 b5 10. O-O-O h5 11. Kb1 Qc7 12. Nd5 Bxd5 13. exd5 Nb6 14.
Bxb6 Qxb6 15. Na5 g6 16. Qb4 Nd7 17. Nc6 Bg7 18. Bd3 Qc5 19. Qa5 Qb6 20.
Qb4 Qc5 21. Qh4 Bf6 22. Qh3 Rh6 23. Rhe1 Qf2 24. Re2 Qh4 25. Qxh4 Bxh4 26.
a4 f5 27. axb5 axb5 28. Bxb5 Kf7 29. b4 Rhh8 30. Kb2 Bf6 31. Kb3 Rhg8 32.
Na5 Nb6 33. c4 Rgb8 34. Rdd2 g5 35. Ra2 g4 36. Nc6 Rg8 37. c5 gxf3 38. gxf3
Rxa2 39. Rxa2 Nc8 40. Ba6 dxc5 41. bxc5 Rf8 42. d6 Ke6 43. Bc4+ Kd7 44.
Nb8+ Kd8 45. Be6
1-0

[Event "56th ch-RUS"]
[Site "Krasnoyarsk RUS"]
[Date "2003.09.10"]
[Round "7"]
[White "Motylev,A"]
[Black "Dvoirys,S"]
[Result "0-1"]
[WhiteElo "2634"]
[BlackElo "2555"]
[EventDate "2003.09.03"]

1. e4 c5 2. Nf3 d6 3. d4 cxd4 4. Nxd4 Nf6 5. Nc3 a6 6. f3 e5 7. Nb3 Be6 8.
Be3 Nbd7 9. g4 Be7 10. Qd2 Nb6 11. O-O-O O-O 12. h4 Rc8 13. Kb1 Nfd7 14. h5
Qc7 15. g5 f5 16. gxf6 Nxf6 17. f4 exf4 18. Bd4 Nfd7 19. h6 g6 20. Bg7 Rf7
21. Nd4 Bg4 22. Rg1 Bxd1 23. Qxd1 Qc5 24. Bh3 Bf6 25. Ne6 Qe3 26. Bxf6 Rxf6
27. Ng5 Rxc3 28. Re1 Qxh3 29. Nxh3 Rxh3 30. a4 Rh5 31. Qd4 f3 32. b4 a5 33.
Rf1 Kf7 34. Qc3 axb4 35. Qxb4 Ke7 36. a5 Na8 37. Qb3 Nc7 38. Qg8 Rf7 39.
Qc8 Ne6 40. Qxb7 Rxa5 41. e5 Rxe5 42. Rxf3 Rxf3 43. Qxf3 Rh5 44. Qe3 g5
0-1

[Event "56th ch-RUS"]
[Site "Krasnoyarsk RUS"]
[Date "2003.09.10"]
[Round "7"]
[White "Jakovenko,D"]
[Black "Morozevich,A"]
[Result "0-1"]
[WhiteElo "2564"]
[BlackElo "2679"]
[EventDate "2003.09.03"]

1. e4 e6 2. d4 d5 3. Nc3 Bb4 4. e5 c5 5. a3 Bxc3+ 6. bxc3 Qa5 7. Bd2 Qa4 8.
Qb1 c4 9. Ne2 f6 10. exf6 Nxf6 11. g3 Nc6 12. Bg2 b6 13. O-O Bd7 14. Qb2
O-O 15. Rae1 Rae8 16. Bf4 Rf7 17. f3 Nh5 18. Bd6 g6 19. g4 Ng7 20. h3 Qa5
21. Kh1 b5 22. f4 Qb6 23. Bc5 Qc7 24. a4 bxa4 25. Qa3 h5 26. Ng1 hxg4 27.
hxg4 Qd8 28. Bh3 Qh4 29. Qc1 e5 30. fxe5 Bxg4 31. Rxf7 Kxf7 32. Qf4+ Nf5
33. e6+ Kg7 34. Rf1 Ng3+ 35. Kg2 Bxh3+ 36. Nxh3 Qxf4 37. Rxf4 Ne4 38. Rf7+
Kg8 39. Ba3 Rxe6 40. Rd7 Nxc3 41. Nf4 Re4 42. Nxd5 Nxd5 43. Rxd5 Nxd4
0-1

[Event "56th ch-RUS"]
[Site "Krasnoyarsk RUS"]
[Date "2003.09.11"]
[Round "8"]
[White "Grischuk,A"]
[Black "Yevseev,D"]
[Result "1-0"]
[WhiteElo "2732"]
[BlackElo "2589"]
[EventDate "2003.09.03"]

1. e4 c6 2. d4 d5 3. Nc3 dxe4 4. Nxe4 Bf5 5. Ng3 Bg6 6. h4 h6 7. Nf3 e6 8.
Ne5 Bh7 9. Bd3 Bxd3 10. Qxd3 Nd7 11. f4 Bb4+ 12. c3 Be7 13. Bd2 Ngf6 14.
O-O-O c5 15. Be3 Qc7 16. Ne4 Rd8 17. Nxf6+ Bxf6 18. Qc4 O-O 19. Nxd7 Qxd7
20. dxc5 Qc6 21. Qe2 Be7 22. Qf2 Rc8 23. g3 Qb5 24. Rd2 Bxc5 25. Rhd1 Be7
26. Qf1 Qa4 27. Kb1 Rfd8 28. Qf3 Rxd2 29. Rxd2 Rd8 30. b3 Qa6 31. c4 Rxd2
32. Bxd2 Bf6 33. h5 Qd6 34. Kc2 Qa3 35. Qxb7 Qxa2+ 36. Kd3 Qb1+ 37. Ke2 Qg1
38. Qa8+ Kh7 39. Qf3 Bd4 40. b4 f5 41. c5 Bf6 42. Be1 Qd4 43. Qd3 Qb2+ 44.
Bd2 Qa1 45. c6 Qh1 46. Qf3 Qb1 47. g4 Qc2 48. b5 Qc5 49. Qd3 Bd4 50. g5
hxg5 51. fxg5 Qe5+ 52. Kd1 Bb6 53. Kc2 Kg8 54. g6 f4 55. Bc3 Qxh5 56. Qe4
Qd5 57. Qxd5 exd5 58. Bd4 Bc7 59. Bxa7
1-0

[Event "19 ECC 2003 Men"]
[Site "Rethymnon, Crete"]
[Date "2003.09.29"]
[Round "2.12"]
[White "Svidler, Peter"]
[Black "Hracek, Zbynek"]
[Result "1-0"]
[WhiteElo "2723"]
[BlackElo "2584"]
[PlyCount "73"]
[EventDate "2003.09.30"]

1. e4 c5 2. Nf3 d6 3. d4 cxd4 4. Nxd4 Nf6 5. Nc3 a6 6. Be3 e5 7. Nb3 Be6 8.
f3 Nbd7 9. g4 b5 10. g5 Nh5 11. Qd2 Be7 12. O-O-O O-O 13. Nd5 Bxd5 14. exd5
f5 15. gxf6 Rxf6 16. Na5 Nf4 17. Nc6 Qf8 18. Kb1 Bd8 19. Nxd8 Qxd8 20. c4
bxc4 21. Bxc4 Nb6 22. Bb3 a5 23. a3 Rf7 24. Rc1 Rb7 25. Rc2 Qd7 26. Bxf4
exf4 27. Qxf4 Qb5 28. Ba2 Qd3 29. Rc1 Rd8 30. Ka1 Rf7 31. Qh4 Re8 32. Rc6
Qe3 33. Qg3 Rf6 34. Bb1 Na4 35. Rc7 Re7 36. Rc8+ Rf8 37. Qh4
1-0

[Event "19 ECC 2003 Men"]
[Site "Rethymnon, Crete"]
[Date "2003.09.30"]
[Round "3.11"]
[White "Grischuk, Alexander"]
[Black "Azarov, Sergei"]
[Result "1-0"]
[WhiteElo "2732"]
[BlackElo "2530"]
[PlyCount "101"]
[EventDate "2003.09.30"]

1. e4 e5 2. Nf3 Nc6 3. Bb5 a6 4. Ba4 Nf6 5. O-O Be7 6. Re1 b5 7. Bb3 d6 8.
c3 O-O 9. h3 Nb8 10. d4 Nbd7 11. Nbd2 Bb7 12. Bc2 Re8 13. Nf1 Bf8 14. Ng3
c5 15. d5 c4 16. Nf5 Qc7 17. g4 Reb8 18. g5 Nh5 19. Nxe5 Nxe5 20. Qxh5 g6
21. Nh6+ Bxh6 22. Qxh6 Nf3+ 23. Kf1 Nxe1 24. Kxe1 Re8 25. Be3 Re5 26. Kd2
Rae8 27. Bd4 f5 28. gxf6 Rh5 29. Qf4 Rxh3 30. Rg1 Kf7 31. Qg4 Bc8 32. Qg2
Re5 33. Kc1 Kf8 34. Bd1 Rh4 35. Bxe5 dxe5 36. Qg5 Rh2 37. Qe3 Kf7 38. f4
Rh3 39. Qe1 b4 40. cxb4 c3 41. Bb3 Kxf6 42. fxe5+ Qxe5 43. Qf2+ Kg7 44. Rf1
cxb2+ 45. Kb1 Qxe4+ 46. Bc2 Qxb4 47. Qf6+ Kh6 48. d6 Qc4 49. Rg1 Bg4 50. d7
Rh2 51. Bxg6
1-0

[Event "19 ECC 2003 Men"]
[Site "Rethymnon, Crete"]
[Date "2003.09.30"]
[Round "3.23"]
[White "Rublevsky, Sergei"]
[Black "Gagunashvili, Merab"]
[Result "1-0"]
[WhiteElo "2672"]
[BlackElo "2577"]
[PlyCount "49"]
[EventDate "2003.09.30"]

1. e4 c5 2. Nf3 Nc6 3. Bb5 Nf6 4. Bxc6 dxc6 5. d3 Bg4 6. h3 Bxf3 7. Qxf3 e5
8. Nd2 Nd7 9. Qg3 Qf6 10. Nc4 Be7 11. f4 exf4 12. Bxf4 O-O 13. O-O b6 14.
Ne3 Qg6 15. Nf5 Bf6 16. Qf3 Rfe8 17. c3 Rad8 18. Rad1 Ne5 19. Qe2 Bg5 20.
d4 cxd4 21. cxd4 Nd7 22. Bxg5 Qxg5 23. Rd3 Nf6 24. Rg3 Rxe4 25. Qf2
1-0

[Event "19 ECC 2003 Men"]
[Site "Rethymnon, Crete"]
[Date "2003.09.30"]
[Round "3.41"]
[White "Ivanchuk, Vassily"]
[Black "Van Wely, Loek"]
[Result "1-0"]
[WhiteElo "2710"]
[BlackElo "2661"]
[PlyCount "79"]
[EventDate "2003.09.30"]

1. e4 c5 2. Nf3 Nc6 3. d4 cxd4 4. Nxd4 Nf6 5. Nc3 e5 6. Ndb5 d6 7. Bg5 a6
8. Na3 b5 9. Bxf6 gxf6 10. Nd5 f5 11. g3 fxe4 12. Bg2 Bg7 13. Bxe4 Rb8 14.
Qh5 Ne7 15. Nxe7 Qxe7 16. c3 Be6 17. Rd1 Qd7 18. O-O h6 19. Nc2 O-O 20. Ne3
f5 21. Bd5 Kh8 22. Bxe6 Qxe6 23. Nd5 f4 24. Rd2 Rf5 25. Qe2 fxg3 26. hxg3
e4 27. Rfd1 Rbf8 28. f4 Qg6 29. Qxe4 Qxg3+ 30. Rg2 Qh3 31. Ne7 Rh5 32. Ng6+
Kg8 33. Nxf8 Qh1+ 34. Kf2 Qxd1 35. Qh7+ Kxf8 36. Qxg7+ Ke8 37. Qg8+ Kd7 38.
Rg7+ Kc6 39. Qa8+ Kb6 40. Qb7+
1-0

[Event "19 ECC 2003 Men"]
[Site "Rethymnon, Crete"]
[Date "2003.10.01"]
[Round "4.42"]
[White "Morozevich, Alexander"]
[Black "Efimenko, Zahar"]
[Result "1-0"]
[WhiteElo "2679"]
[BlackElo "2546"]
[PlyCount "85"]
[EventDate "2003.09.30"]

1. e4 c5 2. Ne2 Nf6 3. Nbc3 d6 4. g3 g6 5. Bg2 Nc6 6. h3 Bg7 7. d3 O-O 8.
O-O Rb8 9. f4 Bd7 10. g4 b5 11. Ng3 b4 12. Nce2 a5 13. a4 bxa3 14. Rxa3 Ne8
15. c3 Nc7 16. f5 Ra8 17. Nf4 Ne5 18. g5 Bc6 19. c4 Qb8 20. h4 a4 21. h5
Ra6 22. Rf2 Rb6 23. Nf1 Rb3 24. Ne3 Qb7 25. Qf1 Rb8 26. Bh3 Be8 27. fxg6
hxg6 28. hxg6 fxg6 29. Ne6 Bf7 30. Rxb3 axb3 31. Nxg7 Kxg7 32. Bd2 Be6 33.
Bc3 Re8 34. Nd5 Bg8 35. Bg4 Ne6 36. Qh3 Nxg5 37. Qg3 Qb8 38. Bh5 Kh6 39.
Bxe5 dxe5 40. Bxg6 Kxg6 41. Rg2 Kf7 42. Qg4 Nf3+ 43. Kf2
1-0

[Event "19 ECC 2003 Men"]
[Site "Rethymnon, Crete"]
[Date "2003.10.02"]
[Round "5.12"]
[White "Svidler, Peter"]
[Black "Bologan, Victor"]
[Result "1-0"]
[WhiteElo "2723"]
[BlackElo "2650"]
[PlyCount "77"]
[EventDate "2003.09.30"]

1. e4 c5 2. Nf3 d6 3. d4 cxd4 4. Nxd4 Nf6 5. Nc3 a6 6. f3 e6 7. Be3 Be7 8.
g4 Nc6 9. Qd2 O-O 10. O-O-O Nxd4 11. Qxd4 Nd7 12. g5 Bxg5 13. Rg1 e5 14.
Bxg5 exd4 15. Bxd8 dxc3 16. Be7 cxb2+ 17. Kxb2 Re8 18. Bxd6 g6 19. Rg5 Nf8
20. Rc5 Ne6 21. Rc3 Bd7 22. Be5 Bc6 23. Bf6 Rec8 24. Bc4 Nc5 25. Re3 Na4+
26. Kc1 b5 27. Bb3 Nb6 28. Rd4 Be8 29. f4 Rc6 30. e5 Rac8 31. f5 Nc4 32.
Re2 R6c7 33. fxg6 fxg6 34. e6 Rc6 35. Bg5 Kg7 36. Rd7+ Kg8 37. Bh6 Nd6 38.
Rxd6 Rxd6 39. Rf2
1-0

[Event "19 ECC 2003 Men"]
[Site "Rethymnon, Crete"]
[Date "2003.10.02"]
[Round "5.32"]
[White "Volkov, Sergey"]
[Black "Morozevich, Alexander"]
[Result "0-1"]
[WhiteElo "2620"]
[BlackElo "2679"]
[PlyCount "112"]
[EventDate "2003.09.30"]

1. d4 e6 2. c4 c5 3. d5 exd5 4. cxd5 d6 5. Nc3 g6 6. Nf3 Bg7 7. Bg5 Ne7 8.
Qc1 h6 9. Bd2 a6 10. a4 g5 11. g3 Nf5 12. Ra3 Nd7 13. Bg2 g4 14. Nh4 Nxh4
15. gxh4 Ne5 16. Ne4 Qe7 17. Kf1 f5 18. Ng3 Qf7 19. h5 O-O 20. Bf4 Bd7 21.
h3 Rae8 22. Kg1 Qf6 23. Rh2 Rf7 24. Bh1 Rfe7 25. Qc2 Nf7 26. hxg4 fxg4 27.
Bc1 Ng5 28. Bg2 b5 29. axb5 axb5 30. Ra6 Nf7 31. Qg6 b4 32. Ra7 Bb5 33.
Rxe7 Rxe7 34. Qxg4 Ne5 35. Qc8+ Re8 36. Qb7 Ng4 37. Bh3 Bxe2 38. Qd7 Bb5
39. Qxg4 Re1+ 40. Kg2 Rxc1 41. Qc8+ Qf8 42. Qe6+ Kh8 43. Bf5 Bf6 44. Be4
Re1 45. Rh1 Rxh1 46. Kxh1 Be8 47. Bg6 Bxg6 48. hxg6 Bxb2 49. Nf5 b3 50. f4
Bg7 51. Nxd6 b2 52. Nf7+ Qxf7 53. Qe8+ Bf8 54. Qc6 Qf6 55. f5 Kg7 56. Qd6
h5
0-1

[Event "19 ECC 2003 Men"]
[Site "Rethymnon, Crete"]
[Date "2003.10.03"]
[Round "6.11"]
[White "Huzman, Alexander"]
[Black "Kasparov, Garry"]
[Result "1-0"]
[WhiteElo "2574"]
[BlackElo "2830"]
[PlyCount "43"]
[EventDate "2003.09.30"]

1. Nf3 d5 2. d4 Nf6 3. c4 c6 4. Nc3 e6 5. e3 a6 6. b3 Bb4 7. Bd2 O-O 8. Bd3
Nbd7 9. Qc2 Bd6 10. Ne2 c5 11. O-O b6 12. cxd5 exd5 13. Ng3 Bb7 14. Nf5 Bc7
15. dxc5 bxc5 16. b4 c4 17. Be2 Ne4 18. Bc3 Nxc3 19. Qxc3 Nf6 20. Rfd1 Bc8
21. Rxd5 Qe8 22. Bxc4
1-0

[Event "19 ECC 2003 Men"]
[Site "Rethymnon, Crete"]
[Date "2003.10.03"]
[Round "6.72"]
[White "Efimenko, Zahar"]
[Black "Smirin, Pavel"]
[Result "0-1"]
[WhiteElo "2546"]
[BlackElo "2629"]
[PlyCount "72"]
[EventDate "2003.09.30"]

1. e4 c5 2. Nf3 Nc6 3. d4 cxd4 4. Nxd4 Nf6 5. Nc3 e5 6. Ndb5 d6 7. a4 a6 8.
Na3 Bg4 9. Be2 Bxe2 10. Qxe2 d5 11. Bg5 d4 12. Nd5 Qa5+ 13. Bd2 Qd8 14. Bg5
Nb4 15. Bxf6 gxf6 16. Qf3 Nxd5 17. exd5 Qa5+ 18. Kf1 O-O-O 19. Nc4 Qc5 20.
b3 Be7 21. h4 Kb8 22. d6 Bxd6 23. Qxf6 Be7 24. Qf5 Rd5 25. Rh3 Re8 26. Rf3
e4 27. Qxf7 Red8 28. Rh3 e3 29. Qxh7 d3 30. Nxe3 Qc3 31. Rb1 Qf6 32. Nxd5
Rxd5 33. cxd3 Bc5 34. Qg8+ Ka7 35. d4 Qxd4 36. Qg3 Rf5
0-1

[Event "ECC"]
[Site "Rethymnon GRE"]
[Date "2003.09.28"]
[Round "1"]
[White "Karttunen,M"]
[Black "Morozevich,A"]
[Result "0-1"]
[WhiteElo "2381"]
[BlackElo "2679"]
[EventDate "2003.09.28"]

1. d4 c5 2. d5 g6 3. c4 Bg7 4. e4 d6 5. Nc3 a6 6. Nf3 Bg4 7. Be2 Nd7 8. O-O
Ngf6 9. Ne1 Bxe2 10. Qxe2 O-O 11. f4 Ne8 12. Nf3 b5 13. cxb5 Qb6 14. bxa6
Nc7 15. e5 Qxa6 16. Qe4 Rfb8 17. a3 Nb5 18. Be3 Nxc3 19. bxc3 Rb3 20. c4
Nb6 21. Nd2 Rxa3 22. Rxa3 Qxa3 23. Rb1 Na4 24. Rb7 Nc3 25. Qf3 Qa1+ 26. Nf1
dxe5 27. fxe5 Bxe5 28. Rxe7 Bf6 29. d6 Bxe7 30. dxe7 Re8 31. Bxc5 Qe1 32.
g3 Ne4 33. Ba3 Nd2 34. Qf2 Qxf2+ 35. Kxf2 Nxc4 36. Bc5 Ne5 0-1

[Event "ECC"]
[Site "Rethymnon GRE"]
[Date "2003.10.03"]
[Round "6"]
[White "Bologan,V"]
[Black "Roiz,M"]
[Result "1-0"]
[WhiteElo "2650"]
[BlackElo "2554"]
[EventDate "2003.09.28"]

1. e4 e6 2. d4 d5 3. Nc3 Bb4 4. e5 c5 5. a3 Bxc3+ 6. bxc3 Qa5 7. Bd2 Qa4 8.
Nf3 c4 9. h4 Nc6 10. h5 h6 11. g3 Bd7 12. Bh3 O-O-O 13. Bf4 Nge7 14. Qd2
Rdf8 15. Nh4 Rh7 16. Ng2 Kb8 17. Ne3 Ka8 18. Bg2 Nc8 19. g4 Qa5 20. Bg3 Nb6
21. a4 Nxa4 22. Ra3 b5 23. O-O Qd8 24. Rb1 a6 25. Nxd5 exd5 26. Bxd5 Rhh8
27. Bg2 Qc8 28. f4 Ka7 29. Bf2 Na5 30. Rxa4 bxa4 31. d5+ 1-0

[Event "ECC"]
[Site "Rethymnon GRE"]
[Date "2003.10.03"]
[Round "6"]
[White "Bareev,E"]
[Black "Ivanchuk,V"]
[Result "0-1"]
[WhiteElo "2721"]
[BlackElo "2710"]
[EventDate "2003.09.28"]

1. d4 Nf6 2. c4 e6 3. Nc3 Bb4 4. Qc2 c5 5. dxc5 O-O 6. a3 Bxc5 7. Nf3 b6 8.
Bf4 Bb7 9. Rd1 Nc6 10. e4 Ne7 11. h3 Ng6 12. Bh2 Nh5 13. Qd2 Nf6 14. Qc2
Nh5 15. Qd2 Nf6 16. b4 Be7 17. Bd3 a5 18. Qb2 Nh5 19. O-O Nhf4 20. Rfe1
axb4 21. axb4 f5 22. Nd4 Nxd3 23. Rxd3 Qc8 24. Ndb5 fxe4 25. Nd6 exd3 26.
Nxc8 Raxc8 27. Qd2 Bxb4 28. Qxd3 Nh4 29. Rb1 Bxc3 30. Qxc3 Bxg2 31. Bg3 Be4
32. Rxb6 Rxc4 33. Qa3 Nf3+ 34. Kf1 Nd2+ 35. Kg1 Rcc8 36. Rb4 h5 37. h4 Rf3
38. Qb2 Rc2 39. Rb8+ Kh7 40. Qb5 Rc1+ 41. Kh2 Rf5 0-1